UM Logo

Basic college mathematics / (Record no. 7481)

MARC details
000 -LEADER
fixed length control field 00471nam a2200145 4500
008 - FIXED-LENGTH DATA ELEMENTS--GENERAL INFORMATION
fixed length control field 170925b xxu||||| |||| 00| 0 eng d
020 ## - INTERNATIONAL STANDARD BOOK NUMBER
International Standard Book Number 0-13-752544-3
082 ## - DEWEY DECIMAL CLASSIFICATION NUMBER
Edition number 1999
Classification number DC 513.1
Item number G25
100 ## - MAIN ENTRY--PERSONAL NAME
9 (RLIN) 22692
Personal name Martin-Gay, K. Elayn
245 ## - TITLE STATEMENT
Title Basic college mathematics /
Statement of responsibility, etc. K. Elayn Martin-Gay.
260 ## - PUBLICATION, DISTRIBUTION, ETC. (IMPRINT)
Place of publication, distribution, etc. Upper Saddle River, N.J. :
Name of publisher, distributor, etc. Prentice Hall,
Date of publication, distribution, etc. ©1999.
300 ## - PHYSICAL DESCRIPTION
Extent 294 pages;
Dimensions 25 cm.
650 #0 - SUBJECT ADDED ENTRY--TOPICAL TERM
9 (RLIN) 22693
Topical term or geographic name as entry element Mathematics
Form subdivision Manual, handbooks, etc
942 ## - ADDED ENTRY ELEMENTS (KOHA)
Source of classification or shelving scheme Dewey Decimal Classification
Koha item type Circulation
Holdings
Withdrawn status Lost status Source of classification or shelving scheme Damaged status Not for loan Collection code Home library Current library Date acquired Source of acquisition Total Checkouts Full call number Barcode Date last seen Copy number Price effective from Koha item type
    Dewey Decimal Classification     Circulation UM Digos College - LIC UM Digos College - LIC   Donated   DC 513.1 G25 1999 15758 05/15/2025 3 09/25/2017 Circulation
    Dewey Decimal Classification     Circulation UM Digos College - LIC UM Digos College - LIC   Donated   DC 513.1 G25 1999 15757 05/15/2025 2 09/25/2017 Circulation
    Dewey Decimal Classification     Circulation UM Digos College - LIC UM Digos College - LIC   Donated   DC 513.1 G25 1999 15756 05/15/2025 1 09/25/2017 Circulation